Statistics for Brazil National Football Team Quiz

Click here to take the quiz!

General Stats

  • This quiz has been taken 26 times
  • The average score is 7 of 11

Answer Stats

HintPlayers% Correct
One of the goalkeepers of Brazil and he play for LiverpoolAlisson
100%
The only one to win 3 World CupsPele
100%
Some people say he’s the best number 9 in the history of footballRonaldo Nazario
100%
One of the goalkeepers of Brazil and he play for Manchester CityEderson
92%
Probably known for the name “the prince of football”Neymar
92%
Was known for his mind-blowing free-kicksRoberto Carlos
88%
Helped Brazil win the 1994 World Cup final in the penalty shootoutDunga
50%
Scored the winning goal in the 1970 World Cup finalCarlos Alberto
29%
Scored the winning goal in the 1962 World Cup finalVava
25%
Scored the opening goal in the 1962 World Cup finalAmarildo
8%
Scored the second goal in the 1962 World Cup finalZito
8%

Score Distribution

Percentile by Number Answered

Percent of People with Each Score

Your Score History

You have not taken this quiz